000 00997nam a22002537a 4500
999 _c64892
_d64892
005 20240530110756.0
008 190108s2018 ua g b 000 0 ara d
017 _a2017/20033
_bمصر. دار الكتب
020 _a9789777961523
040 _aEG-CaGPL
_cEG-CaGPL
082 0 4 _221
_a342.06/
_bى م
100 0 _aياسر محمود الصغير
245 1 2 _aالمعيار الوظيفى لتمييز القرار الادارى :
_bدراسة مقارنة /
_cياسر محمود الصغير
250 _aط.1
260 _aالقاهرة :
_bمركز الدراسات العربية للنشر والتوزيع،
_c2018.
300 _a234 ص. ؛
_c24 سم.
504 _aيشتمل على ارجاعات ببليوجرافية
650 0 7 _2qrmak
_aالقانون الادارى
650 0 7 _2qrmak
_aالاجراءات الادارية
650 0 7 _2qrmak
_aالادارة العامة
651 _2qrmak
942 _2ddc
_cBK